000 00800nam a22002417a 4500
005 20110404104235.0
008 110404t xxu||||| |||| 00| 0 eng d
010 _aENG-102228
020 _a9788180548383
_c305.00
035 _aEN-85761
037 _bDBAD/PUB
040 _adpl
_bEng
082 _a658
100 _aGupta, C.B.
_926991
245 _aBusiness organisation and management by /
_cby C.B.Gupta
250 _a14th ed
260 _aNew Delhi
_bSultan Chand
_c2011
270 _a23, Darya Ganj
_bNew Delhi
_e110002
300 _aVarious pagings
_c25cm (pbk)
500 _aIncludes bibliographical references and index
942 _2ddc
_cEN
_h658
_mGUP
999 _c51388
_d51388